| 000 | 00552nam a2200181 i 4500 | ||
|---|---|---|---|
| 001 | 104635 | ||
| 003 | ES-MaACL | ||
| 005 | 20230906183643.0 | ||
| 007 | t| | ||
| 008 | 051202s1953 sp ||||1| spa d | ||
| 100 | 1 |
_aMinzlov, S. R. _981387 |
|
| 245 | 1 | 3 |
_aLa gran Taigá siberiana / _cS. R. Minzlov; [prólogo, notas y traducción directa del ruso por Alexis Marcoff]. |
| 250 | _a[1ª ed.]. | ||
| 260 |
_aBarcelona : _bDestino, _c1953. |
||
| 300 |
_a252 p. ; _c19 cm. |
||
| 700 | 1 |
_aMarcoff, Alexis. _976493 |
|
| 852 |
_aES-MaACL _jC-6494 _bR.35721 |
||
| 999 |
_c104635 _d104635 |
||